00369nam a2200097Ia 4500008004100000100002100041245007600062260005700138650001500195856006100210160909s9999 xx 000 0 und d aPatel, Pratik U. aVicissitudes of Transformative Development in Neophyte Psychotherapists bThe Chicago School of Professional Psychology.c2016 aPSYCHOLOGY uhttp://pqdtopen.proquest.com/doc/1762550354.html?FMT=ABS